书目信息 |
| 题名: |
土木工程CAD绘图技术与应用
|
|
| 作者: | 杨国立 主编 | |
| 分册: | ||
| 出版信息: | 北京 地震出版社 2004.12 |
|
| 页数: | 384页 | |
| 开本: | 28cm | |
| 丛书名: | ||
| 单 册: | ||
| 中图分类: | TU204 | |
| 科图分类: | ||
| 主题词: | 建筑设计 | |
| 电子资源: | ||
| ISBN: | 978-7-5028-2580-5 | |
| 000 | 00605nam0 2200193 450 | |
| 001 | 1233429534 | |
| 005 | 20180425110550.71 | |
| 010 | @a978-7-5028-2580-5@dCNY40.00 | |
| 100 | @a20120418d2004 km y0chiy0120 ea | |
| 101 | 0 | @achi |
| 102 | @aCN@b110000 | |
| 200 | 1 | @a土木工程CAD绘图技术与应用@Atu mu gong cheng CAD hui tu ji shu yu ying yong@f杨国立主编@Fyang guo li zhu bian |
| 210 | @a北京@c地震出版社@d2004.12 | |
| 215 | @a384页@d28cm | |
| 606 | 0 | @a建筑设计 |
| 690 | @aTU204@v4 | |
| 701 | 0 | @a杨国立@Ayang guo li@4主编 |
| 801 | 0 | @aCN@b大连网信软件有限公司图书馆·11@c20160503 |
| 905 | @aZUCC@dTU204@eY183 | |
| 土木工程CAD绘图技术与应用/杨国立主编.-北京:地震出版社,2004.12 |
| 384页;28cm |
| ISBN 978-7-5028-2580-5:CNY40.00 |
| ● |
| 相关链接 |
|
|
|
正题名:土木工程CAD绘图技术与应用
索取号:TU204/Y183
 
预约/预借
| 序号 | 登录号 | 条形码 | 馆藏地/架位号 | 状态 | 备注 |
| 1 | 1298964 | 212989649 | 建筑与城市规划学院资料室/ [索取号:TU204/Y183] | 在馆 | |
| 2 | 486122 | 204861220 | 土木与交通工程学院资料室/ [索取号:TU204/Y183] | 在馆 | |
| 3 | 487791 | 204877918 | 建筑库101/101建筑库 109排4列1层/ [索取号:TU204/Y183] | 在馆 | |
| 4 | 819219 | 208192196 | 管理学院资料室/ [索取号:TU204/Y183] | 在馆 |